| 000 | 00869nmc a2200313 a 4500 | ||
|---|---|---|---|
| 003 | AR-BaBNM | ||
| 005 | 20251128211717.0 | ||
| 008 | 025120s2005 ||||||||||||||000 | spa|| | ||
| 020 | _a987-9020-50-2 | ||
| 040 | _cAR-BaBNM | ||
| 100 | 1 | _aMascialino, Lorenzo | |
| 245 | 1 | 0 |
_aGuía para el aprendizaje del griego clásico _bsegundo nivel |
| 250 | _a1ª ed. | ||
| 260 |
_aBuenos Aires _bJorge Baudino Ediciones _c2005 _bUniversidad Nacional de Gral. San Martín |
||
| 300 | 0 | _a158 p. | |
| 490 | 0 | _aCuadernos de cátedra | |
| 650 | 4 | _aLITERATURA GRIEGA | |
| 650 | 4 | _aGRAMATICA | |
| 650 | 4 | _aFILOLOGIA | |
| 650 | 4 | _aGRIEGO CLASICO | |
| 650 | 4 | _aSINTAXIS | |
| 650 | 4 | _aENSENANZA DE IDIOMAS | |
| 650 | 4 | _aMORFOLOGIA [LINGUISTICA] | |
| 700 | 1 | _aJuliá, Victoria | |
| 740 | 0 | _aGriego/2 | |
| 800 | 1 | _aStorini, Alejandro | |
| 942 | _cBK | ||
| 998 | _cmartin | ||
| 999 |
_c20813 _d20813 |
||